Najpopularniejsze auta w polsce - Statystyki

Ogólne statystyki
  • Ten quiz został rozwiązany 1 150 razy
  • Średni wynik to 6 z 10
Statystyki odpowiedzi
Hint Odpowiedź % Poprawnych
18.973 Audi
91%
23.964 Bmw
90%
20.018 Mercedes
72%
34.421 Volkswagen
66%
45.070 Skoda
63%
74.513 Toyota
62%
19.112 Ford
47%
32.323 Kia
35%
26.840 Hyundai
32%
19.909 Dacia
20%
Nie znaleziono quizów pasujących do podanych kryteriów
Rozkład punktacji
Procent ludzi z każdym wynikiem
Percentyl według liczby udzielonych odpowiedzi
Twoja historia wyników
Nie rozwiązałeś tego quizu